000 00311nam a2200121Ia 4500
008 190216s9999||||xx |||||||||||||| ||und||
100 _aPuthussery Ramachandran
245 0 _aAgnaye Swaha
260 _bSahithya Pravarthaka Sahakarana Sangam
_c1988
300 _a75p
650 _aMalayalam Kavitha
942 _cBK
999 _c26664
_d26664